| Tag |
First Indicator |
Second Indicator |
Subfields |
| LEADER |
00000cam a2200000 a 4500 |
| 001 |
in00000019780 |
| 005 |
20151007053725.0 |
| 008 |
840214s1986 enka 00000 eng |
| 010 |
|
|
|a 84000174
|
| 020 |
|
|
|a 0151351015 (Harcourt Brace Jovanovich : set)
|
| 035 |
|
|
|a (OCoLC)10483806
|
| 035 |
|
|
|9 AAB2605AM
|
| 040 |
|
|
|a DLC
|c DLC
|d TXA
|d UtOrBLW
|
| 043 |
|
|
|a e-uk---
|
| 049 |
|
|
|a TXAM
|c [A11051744]
|
| 050 |
0 |
0 |
|a PR6029
|b .R8 1986 vol. 5
|
| 082 |
0 |
|
|a 828/.91209 s
|a 305.5/62/0942
|2 19
|
| 100 |
1 |
|
|a Orwell, George,
|d 1903-1950.
|
| 245 |
1 |
4 |
|a The road to Wigan pier.
|
| 263 |
|
|
|a 8610
|
| 264 |
|
1 |
|a London :
|b Secker & Warburg ;
|a Orlando, FL :
|b Harcourt Brace Jovanovich,
|c [1986]
|
| 264 |
|
4 |
|c ©1986
|
| 300 |
|
|
|a 231 pages, 32 unnumbered pages of plates :
|b illustrations
|
| 336 |
|
|
|a text
|b txt
|2 rdacontent
|
| 337 |
|
|
|a unmediated
|b n
|2 rdamedia
|
| 338 |
|
|
|a volume
|b nc
|2 rdacarrier
|
| 490 |
1 |
|
|a The Complete works of George Orwell ;
|v v. 5
|
| 650 |
|
0 |
|a Working class
|z Great Britain.
|
| 650 |
|
0 |
|a Unemployed
|z Great Britain.
|
| 651 |
|
0 |
|a Great Britain
|x Social conditions.
|
| 650 |
|
0 |
|a Socialism.
|
| 800 |
1 |
|
|a Orwell, George,
|d 1903-1950.
|t Works.
|f 1986 ;
|v v. 5.
|
| 999 |
|
|
|a MARS
|
| 999 |
f |
f |
|s 07709391-4b7d-3111-b10a-2b51ffeb8772
|i 38bd126d-22ac-3831-8ab2-c9a9eb4c2482
|t 0
|
| 952 |
f |
f |
|p normal
|a Texas A&M University
|b College Station
|c Sterling C. Evans Library
|d Evans: Library Stacks
|t 0
|e PR6029 .R8 1986 v.5
|h Library of Congress classification
|i unmediated -- volume
|m A14811051744
|
| 998 |
f |
f |
|a PR6029 .R8 1986 v.5
|t 0
|l Evans: Library Stacks
|